[Event "AUTO-INT-1410"]
[Site "http://www.queenalice.com/game.php?id=710245"]
[Date "2010.1.8"]
[Round "2"]
[White "cazedani"]
[Black "manucies"]
[Result "1-0"]
[WhiteElo "1564"]
[BlackElo "1640"]

1. e4 e5 2. Bc4 Nf6 3. Nc3 Bc5 4. d3 O-O 5. Bg5 c6 6. Nf3 d5 7. exd5 cxd5 8.
Bxf6 Qxf6 9. Nxd5 Qd6 10. O-O a5 11. a4 Bg4 12. h3 Be6 13. Ne3 Bxe3 14. fxe3
Bxc4 15. dxc4 Qxd1 16. Rfxd1 e4 17. Ng5 f5 18. g4 h6 19. Ne6 Rf6 20. Rd8+ Kf7
21. Nc7 Ra7 22. Rxb8 Rc6 23. Nb5 Raa6 24. Rxb7+ Ke6 25. Nc7+ Rxc7 26. Rxc7 g6
27. Rf1 fxg4 28. hxg4 Rd6 29. Ra7 Rd2 30. Rxa5 Rxc2 31. Ra6+ Kd7 32. Rxg6 Rxb2
33. Rxh6 Rb4 34. Rf7+ Ke8 35. Ra7 1-0

[Event "AUTO-INT-1410"]
[Site "http://www.queenalice.com/game.php?id=710246"]
[Date "2010.1.8"]
[Round "2"]
[White "manucies"]
[Black "cazedani"]
[Result "0-1"]
[WhiteElo "1619"]
[BlackElo "1583"]

1. e4 c5 2. Nf3 e6 3. d4 cxd4 4. Nxd4 Nf6 5. Nc3 Bb4 6. Bd2 Nc6 7. Nxc6 dxc6 8.
a3 Ba5 9. b4 Bb6 10. b5 Qd4 11. Qf3 a6 12. bxc6 bxc6 13. O-O-O Qxf2 14. Qxf2
Bxf2 15. g3 O-O 16. Bg2 e5 17. Rhf1 Bc5 18. a4 Rb8 19. Bg5 Ba3+ 20. Kd2 Rd8+ 21.
Ke2 Bg4+ 22. Bf3 Bxf3+ 23. Rxf3 Rxd1 24. Nxd1 Nxe4 25. Rxa3 Nxg5 26. h4 Ne4 27.
g4 Rb1 28. Re3 Rb4 29. Nc3 Nxc3+ 30. Rxc3 Rxa4 31. Rxc6 g6 32. Rc5 f6 33. Rc8+
Kg7 34. Rc7+ Kh6 35. Kd3 Rxg4 36. c4 Rxh4 37. c5 e4+ 38. Ke3 f5 39. Ra7 Rh3+ 40.
Kd4 Rd3+ 41. Kc4 Rd8 42. Rxa6 e3 43. Re6 f4 44. Re4 g5 45. c6 Rd2 46. c7 Rc2+
0-1

[Event "AUTO-INT-1410"]
[Site "http://www.queenalice.com/game.php?id=710249"]
[Date "2010.1.8"]
[Round "2"]
[White "cazedani"]
[Black "lsdr"]
[Result "1-0"]
[WhiteElo "1621"]
[BlackElo "1509"]

1. d4 e5 2. dxe5 Bb4+ 3. c3 Ba5 4. Nf3 Qe7 5. Bg5 Qc5 6. b4 Bxb4 7. cxb4 Qxb4+
8. Qd2 a5 9. Qxb4 axb4 10. e4 f6 11. exf6 gxf6 12. Bf4 b3 13. a4 Nc6 14. Bb5 Nb4
15. Kd2 Nc2 16. Na3 Nb4 17. Bxc7 Nh6 18. h3 f5 19. Kc3 Nc6 20. Bc4 fxe4 21. Ng5
Rg8 22. Bxg8 Nxg8 23. Rhe1 Nf6 24. Nxe4 Nd5+ 25. Kxb3 Nxc7 26. Nf6+ Kf7 27. Ne4
Ne8 28. Ng5+ Kf8 29. Nxh7+ Kf7 30. Ng5+ Kf8 31. Re4 Nf6 32. Rf4 Kg7 33. Nc4 Nd4+
34. Rxd4 b5 35. Ne5 Kh6 36. Ngf7+ Kg7 37. Nd6 Rb8 38. axb5 Rxb5+ 39. Nxb5 Bb7
40. Rxd7+ Nxd7 41. Nxd7 Bc6 42. Kb4 Bxd7 43. Ra7 Kf6 44. Rxd7 1-0

[Event "AUTO-INT-1410"]
[Site "http://www.queenalice.com/game.php?id=710250"]
[Date "2010.1.8"]
[Round "2"]
[White "lsdr"]
[Black "cazedani"]
[Result "0-1"]
[WhiteElo "1497"]
[BlackElo "1633"]

1. e4 c6 2. Qf3 e5 3. Bc4 Qf6 4. Qf5 Qxf5 5. exf5 Nf6 6. Nf3 b5 7. Bb3 Ne4 8.
Nxe5 Nd6 9. Nc3 f6 10. Ng4 Nxf5 11. a4 b4 12. Ne2 Bc5 13. O-O d5 14. d3 Nd7 15.
Be3 h5 16. d4 Nxe3 17. Nxe3 Bb6 18. a5 Bc7 19. f4 Ba6 20. c4 O-O-O 21. Ng3 h4
22. Ngf5 h3 23. Ne7+ Kb7 24. Ra4 c5 25. dxc5 Nxc5 26. Rxb4+ Ka8 27. N3xd5 Rd7
28. Re1 Nd3 29. Nb6+ Bxb6+ 30. axb6 Nxb4 31. c5 Re8 32. Be6 Rdxe7 33. f5 Bd3 34.
Ra1 Rb7 35. Bd7 Rxd7 36. gxh3 Rde7 37. h4 Re1+ 38. Rxe1 Rxe1+ 39. Kf2 Re2+ 40.
Kf3 Rxh2 41. h5 Rxb2 42. c6 axb6 43. c7 Kb7 44. c8=Q+ Kxc8 0-1

[Event "Challenge"]
[Site "http://www.queenalice.com/game.php?id=722438"]
[Date "2010.1.29"]
[Round "-"]
[White "babycrocket"]
[Black "cazedani"]
[Result "0-1"]
[WhiteElo "1725"]
[BlackElo "1600"]

1. e4 c6 2. d3 e5 3. Nf3 d6 4. Be2 Be7 5. O-O Nf6 6. Re1 Nbd7 7. Nbd2 O-O 8. Nf1
Qb6 9. c3 d5 10. Ng3 Ng4 11. Rf1 h6 12. h3 Ngf6 13. Bd2 Qxb2 14. Rb1 Qxa2 15.
Qc1 Qa5 16. Nf5 Ba3 17. Qc2 Qd8 18. Ra1 Bc5 19. Qc1 dxe4 20. Nxh6+ gxh6 21. Bxh6
Nh7 22. dxe4 f6 23. Nh4 Qe8 24. Nf5 Nb6 25. Bxf8 Qxf8 26. c4 Bxf5 27. exf5 Qg7
28. Rd1 Ng5 29. Bg4 Ne4 30. Ra2 Bxf2+ 31. Rxf2 Nxf2 32. Kxf2 a5 33. Rd3 Qf8 34.
Rb3 Qc5+ 0-1

[Event "Challenge"]
[Site "http://www.queenalice.com/game.php?id=725324"]
[Date "2010.2.3"]
[Round "-"]
[White "cazedani"]
[Black "babycrocket"]
[Result "0-1"]
[WhiteElo "1666"]
[BlackElo "1770"]

1. d4 d5 2. g3 h6 3. Bg2 Nf6 4. Nc3 e6 5. a3 c5 6. e3 Nc6 7. Nge2 a5 8. a4 b6 9.
Nb5 Ba6 10. O-O Be7 11. c3 O-O 12. f4 Ne4 13. f5 exf5 14. Rxf5 Qd7 15. Rf4 Rfe8
16. Bxe4 Bg5 17. Rf2 Rxe4 18. Qf1 Bxe3 19. Bxe3 Rxe3 20. Re1 Rae8 21. h3 R8e7
22. Qg2 cxd4 23. Rf3 dxc3 24. bxc3 Na7 25. Rxe3 Rxe3 26. Nbd4 Bc4 27. Kf1 Qxa4
28. Qf2 Qe8 29. Nf5 Bxe2+ 30. Rxe2 Rxe2 31. Qxe2 Qxe2+ 32. Kxe2 Nc6 33. Ke3 h5
34. Nd6 Kf8 35. Nb5 Ke7 36. Kf4 a4 37. h4 Ke6 38. Kg5 g6 39. Kf4 f6 40. Ke3 Ne5
41. Nd4+ Kd6 42. Kd2 Nc4+ 43. Kc2 Ne3+ 44. Kb2 Nf5 45. Ne2 Ke5 46. Ka3 b5 47.
Kb4 Ke4 48. Ka3 Kf3 49. Nf4 Kxg3 50. Nxg6 Nxh4 51. Ne7 Nf3 52. Nxd5 h4 53. Ne3
h3 54. Nf5+ Kf2 0-1

[Event "Challenge"]
[Site "http://www.queenalice.com/game.php?id=725484"]
[Date "2010.2.3"]
[Round "-"]
[White "Leofelix"]
[Black "cazedani"]
[Result "1-0"]
[WhiteElo "1442"]
[BlackElo "1674"]

1. c3 d5 2. d4 Nc6 3. Nd2 g6 4. f3 Bg7 5. e4 e6 6. e5 f6 7. f4 f5 8. Ndf3 Bd7 9.
Nh3 h6 10. Bd3 a6 11. O-O Nce7 12. Nh4 h5 13. Qf3 Nh6 14. Nf2 Ng4 15. Qg3 Rh6
16. Nd1 Bb5 17. h3 Nxe5 18. fxe5 Bxd3 19. Qxd3 Nc6 20. Bxh6 Bxh6 21. Nxg6 Qg5
22. Nf4 Nd8 23. Qf3 Rc8 24. Nxh5 c5 25. Nf6+ Kf7 26. Ng4 cxd4 27. Nxh6+ Qxh6 28.
cxd4 Nc6 29. Qf4 Rh8 30. Qxh6 Rxh6 31. Rc1 Rh4 32. g4 Rxh3 33. gxf5 Ke7 34. fxe6
Kxe6 35. Rc3 Rh4 36. Rg3 Rxd4 37. Ne3 Kxe5 38. Ng4+ Kd6 39. Rf6+ Kc5 40. Rc3+
Kb4 41. Ne3 Ka5 42. Rf5 Nb4 43. Rf7 Nd3 44. Rxb7 Nb4 45. Ra3# 1-0

[Event "AUTO-ADV-1653"]
[Site "http://www.queenalice.com/game.php?id=730809"]
[Date "2010.2.12"]
[Round "1"]
[White "LeoDZeppelin"]
[Black "cazedani"]
[Result "1-0"]
[WhiteElo "1690"]
[BlackElo "1650"]

1. e4 c5 2. Bc4 e6 3. d3 d5 4. exd5 exd5 5. Qe2+ Qe7 6. Bxd5 Nf6 7. Nc3 Nxd5 8.
Nxd5 Qxe2+ 9. Nxe2 Na6 10. O-O Be6 11. Nef4 Bxd5 12. Nxd5 O-O-O 13. c4 Nc7 14.
Nxc7 Kxc7 15. Bf4+ Bd6 16. Bg3 Bxg3 17. fxg3 Rxd3 18. Rxf7+ Kc6 19. Rxg7 Rd2 20.
b3 h5 21. a3 Rhd8 22. Rf1 Rd1 23. Rh7 Rxf1+ 24. Kxf1 Rd1+ 25. Ke2 Ra1 26. Rxh5
Rxa3 27. g4 Rxb3 28. g5 Rb2+ 29. Kf3 Rb4 30. g6 Rb3+ 31. Kf4 Rb4 32. g7 Rxc4+
33. Kf5 a5 34. g8=Q 1-0

[Event "AUTO-ADV-1653"]
[Site "http://www.queenalice.com/game.php?id=730810"]
[Date "2010.2.12"]
[Round "1"]
[White "cazedani"]
[Black "LeoDZeppelin"]
[Result "0-1"]
[WhiteElo "1636"]
[BlackElo "1717"]

1. d4 d5 2. g3 Bf5 3. Bg2 e6 4. Nf3 f6 5. O-O Bd6 6. Nc3 Ne7 7. Re1 Nbc6 8. e4
Bxe4 9. Nxe4 dxe4 10. Rxe4 Qd7 11. Qe2 O-O 12. Rg4 f5 13. Rg5 h6 14. Rh5 Qe8 15.
Ne1 Nxd4 16. Qe3 Qxh5 17. Qxd4 Qe2 18. Qd2 Qe5 19. Bxb7 Rad8 20. Nd3 Qb5 21. Bf3
Nd5 22. a4 Qb6 23. c4 Bb4 24. Nxb4 Nxb4 25. Qe2 Rd3 26. Bh5 Rfd8 27. Ra3 Rd1+
28. Kg2 Rxc1 29. Re3 Rd6 30. Rb3 a5 31. Kh3 Rdd1 32. Bf3 Rf1 33. Re3 Rce1 34.
Qxe1 Rxe1 35. Rxe1 Qxf2 36. Rxe6 Qxf3 0-1

[Event "AUTO-ADV-1653"]
[Site "http://www.queenalice.com/game.php?id=730821"]
[Date "2010.2.12"]
[Round "1"]
[White "DanizinhaBH"]
[Black "cazedani"]
[Result "0-1"]
[WhiteElo "1701"]
[BlackElo "1656"]

1. e4 e5 2. Nf3 d6 3. Bc4 Qe7 4. d4 Be6 5. Bxe6 Qxe6 6. d5 Qg4 7. O-O Qxe4 8.
Nc3 Qg4 9. Re1 Be7 10. h3 Qg6 11. Re4 f5 12. Rb4 b6 13. Nb5 Bd8 14. h4 c5 15.
Rb3 a6 16. Nc3 e4 17. Ng5 Bxg5 18. Bxg5 Nd7 19. g4 c4 20. Ra3 Ngf6 21. Bxf6 Nxf6
22. f3 fxg4 23. Kf2 O-O-O 24. Rxa6 Kb7 25. Ra4 e3+ 26. Kxe3 Rhe8+ 27. Kd2 Qh6+
28. f4 Qxf4# 0-1

[Event "AUTO-ADV-1653"]
[Site "http://www.queenalice.com/game.php?id=730822"]
[Date "2010.2.12"]
[Round "1"]
[White "cazedani"]
[Black "DanizinhaBH"]
[Result "1-0"]
[WhiteElo "1649"]
[BlackElo "1665"]

1. Nf3 e6 2. Nc3 d5 3. d4 c5 4. e4 dxe4 5. Nxe4 cxd4 6. Qxd4 Nd7 7. Bb5 a6 8.
Ba4 f5 9. Nd6+ Bxd6 10. Qxd6 Qa5+ 11. Bd2 Qxa4 12. Qxe6+ Ne7 13. b3 Qb5 14. Nd4
Qe5+ 15. Qxe5 Nxe5 16. O-O O-O 17. Bb4 N5g6 18. Rfe1 Re8 19. Nxf5 Bxf5 20. c4
Nc6 21. Bc3 b5 22. c5 b4 23. Bb2 Nf4 24. Re3 Nd3 25. Bc1 Nxc1 26. Rxc1 Rxe3 27.
fxe3 Ne5 28. e4 Bxe4 29. Re1 Nf3+ 30. gxf3 Bxf3 31. Rc1 g5 32. Kf2 g4 33. Kg3
Rf8 34. Rf1 Kg7 35. h3 h5 36. Rc1 gxh3 37. Kxh3 Rf6 38. Kg3 Kg6 39. Kh4 Rf4+ 40.
Kg3 Kg5 41. c6 h4+ 42. Kh3 Bg4+ 43. Kg2 h3+ 44. Kh2 Kh4 45. Rc4 Rf2+ 46. Kg1 Kg3
47. Rxg4+ Kf3 48. Rf4+ Kg3 49. Rxf2 Kg4 50. c7 Kg3 51. c8=Q h2+ 52. Rxh2 Kf3 53.
Rf2+ Ke3 54. Qe8+ Kd3 55. Rf3+ Kc2 56. Qe2+ 1-0

[Event "AUTO-ADV-1653"]
[Site "http://www.queenalice.com/game.php?id=730829"]
[Date "2010.2.12"]
[Round "1"]
[White "cazedani"]
[Black "dladuke7"]
[Result "1-0"]
[WhiteElo "1654"]
[BlackElo "1628"]

1. e4 e5 2. f4 d6 3. fxe5 dxe5 4. Nf3 Nc6 5. b3 Bc5 6. Bb2 Bg4 7. Bb5 f6 8.
Bxc6+ bxc6 9. h3 Bxf3 10. Qxf3 Ne7 11. Na3 Bd4 12. Bxd4 exd4 13. Nc4 O-O 14.
O-O-O c5 15. Rhf1 Ng6 16. d3 Ne5 17. Nxe5 fxe5 18. Qxf8+ Qxf8 19. Rxf8+ Rxf8 20.
Rd2 Rf1+ 21. Kb2 Kf7 22. c3 Ke7 23. c4 Kd7 24. Ka3 Kc6 25. Ka4 Kb6 26. b4 cxb4
27. Kxb4 a5+ 28. Ka4 c5 29. Rb2+ Kc6 30. Kxa5 Rf8 31. Rb6+ Kc7 32. Re6 Ra8+ 33.
Kb5 Rxa2 34. Re7+ Kd6 35. Rxg7 Rd2 36. Rxh7 Rxd3 37. Rh6+ Kc7 38. Rc6+ Kd7 39.
Kxc5 Rg3 40. Kd5 d3 41. Kxe5 d2 42. Rd6+ Kc7 43. Rxd2 Rg5+ 44. Kf4 Rc5 45. Rd4
Kc6 46. g4 1-0

[Event "AUTO-ADV-1653"]
[Site "http://www.queenalice.com/game.php?id=730830"]
[Date "2010.2.12"]
[Round "1"]
[White "dladuke7"]
[Black "cazedani"]
[Result "1-0"]
[WhiteElo "1586"]
[BlackElo "1669"]

1. e4 c6 2. d4 d5 3. e5 Bf5 4. Nf3 h6 5. Bd3 Bh7 6. Bxh7 Rxh7 7. Nc3 e6 8. Qd3
Nd7 9. Qxh7 Ne7 10. O-O Ng6 11. Nh4 Qxh4 12. Be3 f6 13. Qxg6+ Ke7 14. Ne2 Rc8
15. Ng3 c5 16. c3 f5 17. Nh5 Qg4 18. Qxg4 fxg4 19. g3 cxd4 20. cxd4 g5 21. Rac1
Rc6 22. Nf6 Nxf6 23. Rxc6 bxc6 24. Rc1 Kd7 25. Bd2 Ne4 26. Ba5 c5 27. dxc5 Bxc5
28. Kf1 Bb6 29. Bxb6 axb6 30. a4 Nc5 31. Ra1 Nb3 32. Ra3 Nd2+ 33. Ke2 Nf3 34. a5
bxa5 35. Rxa5 Nd4+ 36. Kd3 Nc6 37. Ra8 Nxe5+ 38. Ke3 Nc4+ 39. Kd4 Nxb2 40. Rh8
Nd1 41. Rxh6 Nxf2 42. Rg6 Ke7 43. Rxg5 Kf6 44. Re5 Ne4 45. Rh5 Kg6 46. Rh8 Kf5
47. Re8 Kf6 48. Rf8+ Kg5 49. Ke5 Nc5 50. Rg8+ Kh5 51. Kd6 Ne4+ 52. Kxe6 d4 53.
Kf5 Nd6+ 54. Ke6 Ne4 55. Ke5 Ng5 56. Kxd4 Nf3+ 57. Ke4 Ng5+ 58. Kf5 Nf7 59. Kf6
Nh6 60. Rg5# 1-0

[Event "AK74u"]
[Site "http://www.queenalice.com/game.php?id=794814"]
[Date "2010.6.27"]
[Round "-"]
[White "positionalgenius"]
[Black "cazedani"]
[Result "1-0"]
[WhiteElo "1761"]
[BlackElo "1557"]

1. d4 d5 2. c4 e6 3. Nc3 Nf6 4. Bg5 Nc6 5. e3 Bb4 6. Qb3 h6 7. Bxf6 Qxf6 8. cxd5
Bxc3+ 9. bxc3 exd5 10. Nf3 O-O 11. Be2 b6 12. Qxd5 Bb7 13. Qb3 Rad8 14. O-O a5
15. c4 Ne7 16. c5 Bxf3 17. Bxf3 Qe6 18. cxb6 Qxb3 19. axb3 cxb6 20. Rfc1 Rc8 21.
h3 g5 22. Rc4 Rxc4 23. bxc4 f5 24. e4 fxe4 25. Bxe4 Rf4 26. f3 h5 27. Rb1 Rf6
28. Rb5 g4 29. Rxh5 gxf3 30. gxf3 Ng6 31. Rg5 Kh7 32. h4 Kh6 33. c5 bxc5 34.
Rxc5 Nxh4 35. Rxa5 Nxf3+ 36. Bxf3 Rxf3 37. Kg2 Rd3 38. Rd5 Kg6 39. Kf2 Kf6 40.
Ke2 Ra3 41. Re5 Rb3 42. Kd2 Ra3 43. Re1 Rh3 44. Re3 Rh8 45. Kd3 Rd8 46. Kc4 Rc8+
47. Kd3 Kf7 48. d5 Rd8 49. Kd4 Kf6 50. Re6+ Kf7 51. Ke5 Ra8 52. Rb6 Ke7 53. d6+
Kd7 54. Rb7+ Kd8 55. Ke6 Kc8 56. Rg7 Ra6 57. Rg8+ Kb7 58. Ke7 Ra1 59. d7 Re1+
60. Kf6 Rf1+ 61. Ke5 Re1+ 62. Kf4 Rf1+ 63. Ke3 Rd1 64. d8=Q Rxd8 65. Rxd8 Kc7
66. Rd1 Kc6 67. Ke4 Kc5 68. Rd4 Kc6 69. Ke5 Kc5 70. Rd5+ Kc4 71. Ke4 Kc3 72. Rd4
Kc2 73. Rd3 Kc1 74. Ke3 Kc2 75. Kd4 Kb2 76. Rc3 Kb1 77. Kc4 Kb2 78. Kb4 Ka2 79.
Kc4 Kb2 80. Kb4 Ka2 81. Rb3 Ka1 82. Kc3 Ka2 83. Kc2 1-0

[Event "AUTO-OPEN-2023"]
[Site "http://www.queenalice.com/game.php?id=796097"]
[Date "2010.6.28"]
[Round "1"]
[White "cazedani"]
[Black "Dalri_Ultreya"]
[Result "1-0"]
[WhiteElo "1579"]
[BlackElo "1646"]

1. e4 e5 2. b3 Nc6 3. Bb2 Nf6 4. Bb5 Nxe4 5. Bxc6 dxc6 6. Bxe5 Qg5 7. Nf3 Qf5 8.
d3 Nd6 9. Qe2 Be6 10. c4 Be7 11. Nbd2 f6 12. Bg3 O-O 13. Nd4 Qg4 14. Qxe6+ Qxe6+
15. Nxe6 Rfc8 16. c5 Nf7 17. Nxc7 Rxc7 18. Bxc7 Re8 19. O-O Bxc5 20. Rae1 Rc8
21. Ne4 Bb4 22. Nxf6+ gxf6 23. Re4 Rxc7 24. Rxb4 c5 25. Rc4 b5 26. Rg4+ Ng5 27.
h4 Rg7 28. hxg5 fxg5 29. f4 h6 30. fxg5 hxg5 31. a4 bxa4 32. Rxa4 Kh7 33. Rf5
Kh6 34. Rxc5 Kh5 35. Rca5 Rd7 36. d4 Kh4 37. Rxa7 Rd6 38. d5+ g4 39. Rh7+ Kg5
40. Rg7+ Rg6 41. Rxg6+ Kxg6 42. Ra6+ 1-0

[Event "AUTO-OPEN-2023"]
[Site "http://www.queenalice.com/game.php?id=796098"]
[Date "2010.6.28"]
[Round "1"]
[White "Dalri_Ultreya"]
[Black "cazedani"]
[Result "1-0"]
[WhiteElo "1644"]
[BlackElo "1598"]

1. d4 d5 2. Nf3 Nc6 3. Nc3 Nf6 4. Bf4 Nh5 5. Bg5 h6 6. Bh4 g5 7. Bg3 Nxg3 8.
hxg3 e6 9. e3 Bg7 10. Bb5 Bd7 11. O-O a6 12. Ba4 b5 13. Bb3 Na5 14. a3 Nxb3 15.
cxb3 g4 16. Nh2 h5 17. b4 a5 18. f3 gxf3 19. gxf3 c6 20. bxa5 Qxa5 21. b4 Qc7
22. Ne2 h4 23. g4 e5 24. Qe1 f5 25. Rf2 f4 26. e4 exd4 27. Rd1 Rxa3 28. Nxd4 Re3
29. Qd2 Bf8 30. exd5 cxd5 31. Re2 Bxb4 32. Qxb4 Qc4 33. Qb2 Qa4 34. Qb1 Kd8 35.
Kf2 Rhe8 36. Rxe3 fxe3+ 37. Kf1 b4 38. Ke2 Bb5+ 39. Nxb5 Qxb5+ 40. Rd3 d4 41.
Nf1 h3 42. Qb2 Qc5 43. Rxd4+ Kc7 44. Rxb4 Qc6 45. Qg7+ Kd6 46. Qd4+ Kc7 47. Rc4
h2 48. Nxh2 1-0

[Event "AUTO-OPEN-2023"]
[Site "http://www.queenalice.com/game.php?id=796099"]
[Date "2010.6.28"]
[Round "1"]
[White "cazedani"]
[Black "rsvale"]
[Result "0-1"]
[WhiteElo "1609"]
[BlackElo "1605"]

1. Nf3 d5 2. d4 Bf5 3. Bf4 e6 4. Nc3 Bb4 5. e3 Bxc3+ 6. bxc3 Nf6 7. Nh4 Ne4 8.
Nxf5 exf5 9. c4 g5 10. f3 gxf4 11. fxe4 fxe4 12. Qg4 fxe3 13. Qg7 Rf8 14. Qe5+
Qe7 15. Qxd5 c6 16. Qe5 Qxe5 17. dxe5 Nd7 18. Rb1 O-O-O 19. g3 Nxe5 20. Rd1 Nf3+
21. Ke2 Nd4+ 22. Kxe3 Nxc2+ 23. Ke2 Rxd1 24. Kxd1 Ne3+ 25. Kc1 f5 26. Bh3 Nxc4
27. Rf1 Ne3 28. Rf2 b5 29. Kd2 Nc4+ 30. Kc3 Nd6 31. Kd4 Kc7 32. Ke5 Nc4+ 33. Ke6
e3 34. Re2 Re8+ 35. Kxf5 a5 36. Kg5 Nd2 37. Kf4 Nc4 38. Bf5 h5 39. Bg6 Rf8+ 40.
Ke4 b4 41. Kd4 Na3 42. Bxh5 Kb6 43. Rxe3 Nc2+ 44. Kd3 Nxe3 45. Kxe3 a4 46. Bd1
Kb5 47. h4 c5 48. h5 c4 49. g4 b3 50. axb3 cxb3 51. g5 b2 52. Be2+ Kb4 53. Bd3
a3 54. Bb1 Kb3 55. g6 a2 56. Bxa2+ Kxa2 0-1

[Event "AUTO-OPEN-2023"]
[Site "http://www.queenalice.com/game.php?id=796100"]
[Date "2010.6.28"]
[Round "1"]
[White "rsvale"]
[Black "cazedani"]
[Result "0-1"]
[WhiteElo "1635"]
[BlackElo "1623"]

1. d4 Nf6 2. Nf3 d5 3. Bf4 Nc6 4. e3 Nh5 5. Nc3 Nxf4 6. exf4 Bg4 7. Be2 e6 8. a3
g6 9. Ne5 Nxe5 10. dxe5 Bxe2 11. Qxe2 Bh6 12. g3 O-O 13. O-O-O a6 14. h4 c5 15.
h5 d4 16. Ne4 b6 17. Nf6+ Kh8 18. Ng4 g5 19. Nf6 gxf4 20. Qe4 fxg3+ 21. Kb1 Qxf6
22. fxg3 Qg7 23. g4 Rg8 24. Rdg1 Qg5 25. Rf1 Qxg4 26. Qxg4 Rxg4 27. Rxf7 Rg7 28.
Rf6 Re8 29. Rhf1 Bg5 30. h6 Rgg8 31. Rf7 Bxh6 32. Rb7 Rb8 33. Rxb8 Rxb8 34. Rf6
Kg7 35. Rxe6 Bf4 36. b4 c4 37. a4 a5 38. b5 d3 39. Re7+ Kh6 40. cxd3 cxd3 41.
Rd7 d2 42. e6 Re8 43. Kc2 Rxe6 44. Rd4 Re1 45. Rxd2 Bxd2 46. Kxd2 Ra1 47. Kc3
Rxa4 48. Kb3 Rb4+ 49. Kc3 Rxb5 50. Kc4 Rb4+ 51. Kc3 Rg4 0-1

[Event "AUTO-OPEN-2023"]
[Site "http://www.queenalice.com/game.php?id=796101"]
[Date "2010.6.28"]
[Round "1"]
[White "cazedani"]
[Black "torrenegra64"]
[Result "0-1"]
[WhiteElo "1639"]
[BlackElo "1104"]

1. d4 Nf6 2. g3 g6 3. e3 Bg7 4. Nc3 O-O 5. Bg2 d6 6. Nge2 e5 7. h3 Nc6 8. Bxc6
bxc6 9. dxe5 dxe5 10. O-O Bxh3 11. Re1 Qe7 12. f3 Rad8 13. Bd2 Qb4 14. Nd5 Qxb2
15. Nxc7 Bf5 16. e4 Qb6+ 17. Kg2 Nxe4 18. fxe4 Bxe4+ 19. Kf1 Qxc7 20. Qc1 Qd7
21. Rd1 Qh3+ 22. Kf2 Qg2+ 23. Ke1 Bf3 0-1

[Event "AUTO-OPEN-2023"]
[Site "http://www.queenalice.com/game.php?id=796102"]
[Date "2010.6.28"]
[Round "1"]
[White "torrenegra64"]
[Black "cazedani"]
[Result "1-0"]
[WhiteElo "1235"]
[BlackElo "1609"]

1. e4 e5 2. Nf3 Nc6 3. Bb5 a6 4. Ba4 d6 5. d4 b5 6. Bb3 Nf6 7. d5 Na5 8. Nbd2
Nxb3 9. axb3 Be7 10. O-O Bb7 11. Re1 c6 12. c4 c5 13. Nf1 b4 14. Ng3 g6 15. h3
Ra7 16. Bh6 Qa8 17. Nh2 Ng8 18. Bg7 Bf6 19. Bxh8 Bxh8 20. Qd2 a5 21. Nf3 a4 22.
bxa4 h6 23. b3 Qd8 24. Rf1 Qf6 25. Ne1 h5 26. Nd3 h4 27. Ne2 g5 28. f3 Qe7 29.
Qe3 f5 30. Nxb4 f4 31. Qf2 Qc7 32. Nd3 Ba6 33. Nc3 Rb7 34. Nb5 Qg7 35. Nxd6+ Kf8
36. Nxb7 Bxb7 37. Qxc5+ Qe7 38. d6 Qe6 39. Qc7 Bc8 40. Nc5 Qf7 41. Qxc8+ Kg7 42.
Qc7 Nf6 43. d7 Nxd7 44. Qxd7 Qxd7 45. Nxd7 Kf7 46. Rfd1 1-0

[Event "Challenge"]
[Site "http://www.queenalice.com/game.php?id=825259"]
[Date "2010.8.29"]
[Round "-"]
[White "edemarc"]
[Black "cazedani"]
[Result "1-0"]
[WhiteElo "1317"]
[BlackElo "1584"]

1. e4 c5 2. Bc4 e6 3. Qf3 b6 4. Nc3 Qf6 5. d3 Ba6 6. g4 Bxc4 7. dxc4 Nc6 8. g5
Qd4 9. Nb5 Qe5 10. c3 Rd8 11. Bf4 Nd4 12. cxd4 Qxd4 13. Nxd4 cxd4 14. a3 Rc8 15.
b3 f6 16. Nh3 e5 17. Bg3 Ne7 18. O-O h6 19. gxf6 gxf6 20. Qxf6 Rh7 21. Qxe5 Kd8
22. Qxd4 Bg7 23. Be5 Nc6 24. Qd5 Bxe5 25. Qg8+ Kc7 26. Qxh7 Bxa1 27. Rxa1 Na5
28. Rb1 Re8 29. Rd1 Rd8 30. Qxh6 Nxb3 31. Qf4+ Kc8 32. Ng5 Nc5 33. Nf7 Rg8+ 34.
Kf1 Nb7 35. Nd6+ 1-0